000 00762nam a2200217 a 4500
001 007173
003 BD-ChCU
008 Ben
020 _a৯৮৪৮২০৮০৩৮
040 _aDLC
_cDLC
_dBD-ChCU
082 0 0 _a৩৭০/কাসে৯৪শি
100 1 _aকাসেম, মুহাম্মদ আবুল
_b-
245 1 0 _aশিক্ষা ও শিক্ষা ব্যবস্থা
_bপ্রেক্ষিত বাংলাদেশ
250 _a***
260 _aচট্টগ্রাম
_bচট্টগ্রাম সংস্কৃতি কেন্দ্র
_c১৯৯১
300 _a**
504 _a- Biblio-
650 0 _aশিক্ষা
_bশিক্ষা
700 1 _a-
942 _2ddc
_cBK
999 _c7173
_d7173